| 000 | 00588nam a2200181Ia 4500 | ||
|---|---|---|---|
| 005 | 20250326124648.0 | ||
| 008 | 250326s9999 xx 000 0 und d | ||
| 037 | _aTextbook | ||
| 040 |
_aFMSL _beng _cFMSL |
||
| 041 |
_aeng _2eng |
||
| 084 |
_aX:8(D658(B)) K8 _qFMSL |
||
| 100 |
_aPlanning Commission _9272745 |
||
| 245 | 0 |
_aPlanning and Scheduling with network technique(PERT/CPM) _cPlanning Commission |
|
| 260 |
_aNew Delhi _bNew Delhi, Management & Project Evaluation Dvision _c1968 |
||
| 300 | _a195p | ||
| 942 |
_cTB _hX:8(D658(B)) K8 |
||
| 999 |
_c1274625 _d1274625 |
||